000 00462nam a2200193Ia 4500
005 20231103113636.0
008 140110s9999 xx 000 0 und d
020 _a9780330456012
_cGBP 2.99
040 _aLoreto College
041 _aEnglish
082 _aF
_bSMI
100 _aSmith, Wilbur
245 4 _aThe quest
_cWilbur Smith
260 _aLondon
_bPan Books
_c2007
300 _a629p
650 _aFiction in English
850 _aLCLIB
942 _cBK
999 _c19830
_d70309